Mixed Words Quiz Stats

 Plays Quiz not verified by Sporcle

Also try: Word Ladder: UNO
Challenge
Share
Tweet
Embed
Score 0/10 Timer 02:00
0 Plays Today
Scrammbled Word Correct Word % Correct
ntapspants
98.4%
irktsskirt
98.4%
tihrsshirt
96.8%
rewawear
96.8%
resdsdress
95.2%
roxebsboxers
93.5%
oxdutetuxedo
88.7%
tobweibowtie
80.6%
sornpeperson
59.7%
What is related to all these things?clothing
53.2%

You're not logged in!

Compare scores with friends on all Sporcle quizzes.
Join for Free
OR
Log In

You Might Also Like...

Show Comments

Extras

Created May 26, 2011ReportFavoriteNominate
Tags:mixed

Top Quizzes Today


Score Distribution

Your Account Isn't Verified!

In order to create a playlist on Sporcle, you need to verify the email address you used during registration. Go to your Sporcle Settings to finish the process.

Report this User

Report this user for behavior that violates our Community Guidelines.

Details: